LEADER 01176nam a2200277 u 4500 001 000000028654 003 CaOOAMICUS 005 20070226111828.0 008 960920s1945 it u000 u ita u 035 $a10742217 040 $aBAV$bita$dPUL(R) 100 1 $aFiedler, Konrad,$d1841-1895.$0(OLS)http://pul/name/23295 240 10$aAphorismen.$lItaliano.$0(OLS)http://pul/title/39121 245 10$aAforismi sull'arte /$cKonrad Fiedler ; a cura di Antonio Banfi ; traduzione di Rossana Rossanda. 260 $aMilano :$bA. Minuziano,$c1945. 300 $a219 p. ;$c17 cm 490 1 $aEstetica ;$v2 650 4$aAforismi e apoftegmi.$0(OLS)http://pul/subject/12261 700 1 $aRossanda, Rossana.$0(OLS)http://pul/name/23296 700 1 $aBanfi, Antonio,$d1886-1957.$0(OLS)http://pul/name/15583 830 0$aEstetica ;$v2.$0(OLS)http://pul/title/8977 850 $aPUL 852 $aPUL$W1$xDP1 Fondo Cecchetti$y53$m281 H 30$j39766$nBK-PRI$b $qFondi$B39766$CPULBib$Z2$F39766 $HPUL4806 $81 941 1 $a1 996 $6245$aAforismi sull'arte$9(OLS)http://pul/title/39122 996 $6260$aMilano :$bA. Minuziano$9(OLS)http://pul/publisher/59968 LEADER 01224nam a2200289 u 4500 001 000000031597 003 CaOOAMICUS 005 20070226112146.0 008 971006s1970 it u000 u ita u 035 $a10771604 040 $aPUL$bita 041 1 $aita$hger 130 0 $aBiblia.$pN.T.$pAd Romanos.$lItaliano.$0(OLS)http://pul/title/43237 245 13$aLa lettera ai Romani /$ccommento di Paul Althaus ; traduzione italiana di Giovanni Torti ; edizione italiana a cura di Omero Soffritti. 260 $aBrescia :$bPaideia,$c1970. 300 $a285 p. ;$c21 cm 490 1 $aNuovo Testamento ;$v6 700 1 $aAlthaus, Paul.$tBrief an die Römer$lItaliano.$0(OLS)http://pul/name/25199 700 1 $aSoffritti, Omero.$0(OLS)http://pul/name/6838 700 1 $aTorti, Giovanni.$0(OLS)http://pul/name/25200 830 0$aNuovo Testamento (Paideia).$0(OLS)http://pul/title/37005 850 $aPUL 852 $aPUL$W1$xSL Religione 1$y3$m1(7) M 13$j43626$nBK-PRI$b $qStampati$B43626$CPULBib$Z2$F43626 $H $81 941 1 $a8 961 $aINV: 41965 996 $6245$aLa lettera ai Romani$9(OLS)http://pul/title/43456 996 $6260$aBrescia :$bPaideia$9(OLS)http://pul/publisher/47884